Petra Himiča vyznamenal poľský minister kultúry

Bibliographic Details
Main Author: Tomáschová, Andrea (Author)
Format: Article
Language:Slovak
PhysicalDescription:Fotogr.
ISSN:1335-4566
Subjects:

MARC

LEADER 00000nab a2200000 a 4500
001 vtls008640316
003 SK-MaSNL
005 20260304224009.0
008 060329c20060328xo drz 0 0slo
038 |a KEVKJB 
040 |a KEVKJB  |b slo  |c KEVKJB  |e AACR2 
041 0 |a slo 
044 |a xo  |c SK 
080 |a 792.075  |2 2001 
100 1 |a Tomáschová, Andrea  |4 aut  |9 878366 
245 1 0 |a Petra Himiča vyznamenal poľský minister kultúry  |c Andrea Tomáschová 
300 |b Fotogr. 
600 1 7 |a Himič, Peter,  |d 1969-  |2 kevkjb  |9 14037 
610 2 7 |a Štátne divadlo Košice  |2 kevkjb  |9 120184 
650 0 7 |a ceny a vyznamenania   |2 kevkjb  |9 73045 
651 7 |a Košice (Slovensko)  |2 kevkjb  |9 18694 
773 0 |t Košický denník Korzár  |g Roč. IX, č. 73 (28.3.2006), s. 2  |x 1335-4566 
852 |a KEVKJB  |b KIS3GCP 
958 |a PL 
999 |c 3170576  |d 3172506